00595 2200217 4500001002100000005001500021035002000036007000300056008004100059020002200100082001200122084001800134100001800152245007600170260003000246300004500276650001400321650001400335700000800349990002000357INLIS00000000000307420260604073251 a0010-0626000025ta260604 0  a978-623-111-381-8 a630.917 a630.917 AHM s0 aAhmad, Robiah1 aSistem IoT dalam Pertanian Perkotaan :bPengenalan, Desain dan Aplikasi aBogor :bIPB Press,c2025 axxxii + 108 hlm. :bilus. ;c15 x 23 cm. 4aPertanian 4aTeknologi0 adkk a20260615.01.002